Marketingově řízená firma. Podle čeho je třeba se řídit při rozhodování o rozsahu nabízeného sortimentu.
Rozhodovanie o rozsahu sortimentu. Uspokojovanie dopytu. Využitie marketingovej príležitosti, vytvorenie separátnej franšízovej divízie. Filozofia marketingovo riadenej firmy. Význam marketingového výrazu "convenience".
Saved in:
| Main Author: | |
|---|---|
| Format: | Book Chapter |
| Language: | Czech |
| Subjects: | |
| Tags: |
No Tags, Be the first to tag this record!
|
MARC
| LEADER | 00000naa a2200000 4500 | ||
|---|---|---|---|
| 001 | r012621 | ||
| 005 | 20220826092545.8 | ||
| 041 | 0 | |a cze | |
| 044 | |a CZ | ||
| 245 | 1 | 0 | |a Marketingově řízená firma. |b Podle čeho je třeba se řídit při rozhodování o rozsahu nabízeného sortimentu. |c I. Bureš |
| 520 | |a Rozhodovanie o rozsahu sortimentu. Uspokojovanie dopytu. Využitie marketingovej príležitosti, vytvorenie separátnej franšízovej divízie. Filozofia marketingovo riadenej firmy. Význam marketingového výrazu "convenience". | ||
| 610 | 2 | 0 | |a sortiment výroby |
| 610 | 2 | 0 | |a marketing |
| 610 | 2 | 0 | |a franšíza |
| 610 | 2 | 0 | |a dopyt |
| 610 | 2 | 0 | |a riadenie podnikové |
| 100 | 1 | |a Bureš, I. | |